书目信息 |
| 书名: | The unexpected guest | |
| 作者: | by Agatha Christie. | |
| 分册号: | ||
| 分册名: | 出版地: | London ; |
|
| 出版社: | Samuel French | |
| 出版时间: | 1958. | |
| 页数: | 74 p. : | |
| 开本: | 22 cm. | |
| 丛书名: | French's acting edition | |
| 中图分类号: | ||
| 科图分类号: | ||
| 其他分类号: | I561.35 | |
| 主题词: | ||
| 电子资源: | ||
| 000 | 00634nam 2200205Ma 45 | |
| 001 | E0730542460 | |
| 005 | 20070228082918.07 | |
| 008 | 001026s1958 enka 000 0 eng d | |
| 010 | @a 60030287 | |
| 020 | @a0573014671. | |
| 040 | @aORZ@cORZ@dIGA@dWSU@dUKM | |
| 050 | 04 | @aPR6005.H66@bU5 1958a |
| 090 | @aK557.917/W(2)2 | |
| 090 | @aI561.35 | |
| 099 | @dI561.35@ex10 | |
| 100 | 1 | @aChristie, Agatha,@d1890-1976. |
| 245 | 14 | @aThe unexpected guest :@ba play in two acts / @cby Agatha Christie. |
| 260 | @aLondon ;@aNew York :@bSamuel French,@c1958. | |
| 300 | @a74 p. :@bill ;@c22 cm. | |
| 440 | 0 | @aFrench's acting edition |
| The unexpected guest : : a play in two acts / / by Agatha Christie.-London ; ; New York : : Samuel French, , 1958. |
| 74 p. : : ill ; ; 22 cm.- (French's acting edition ) |
| ISBN 0573014671. |
| ● |
| 相关链接 |
|
|
|
|
正题名:unexpected guest
索取号:I561.35/x10
 
预约/预借
| 序号 | 登录号 | 条形码 | 馆藏地/架位号 | 状态 | 备注 |
| 1 | 181245 | 000433187 | 第二样本阅览室/ [索取号:I561.35/x10] | 在馆 | |
| 2 | 181246 | 000433196 | 第四借阅区/ [索取号:I561.35/x10] | 在馆 | |
| 3 | 181247 | 000433203 | 第四借阅区/ [索取号:I561.35/x10] | 在馆 | |
| 4 | 181248 | 000433132 | 第四借阅区/ [索取号:I561.35/x10] | 在馆 | |
| 5 | 181249 | 000433141 | 第四借阅区/ [索取号:I561.35/x10] | 在馆 |